000 003400000a22000970004500
100 1 _aMijangos, Sergio E.
245 1 0 _aLos Juan Marcos del día de hoy : Un estudio de personalidad de seminaristas que terminan o abandonan sus estudios
300 _aVol. 6, Num. 2 (Diciembre, 1996), Páginas 277-284
773 0 _tVox Scripturae
942 _cANA
999 _c57128
_d57128